| 000 -ლიდერი |
| ფიქსირებული სიგრძის საკონტროლო ველი |
01124nam a2200229Ia 4500 |
| 001 - საკონტროლო ნომერი |
| საკონტროლო ველი |
6243 |
| 003 - საკონტროლო ნომრის იდენტიფიკატორი |
| საკონტროლო ველი |
GE_BSU |
| 005 - ბოლო ოპერაციის თარიღი და დრო |
| საკონტროლო ველი |
20200218164321.0 |
| 008 - ფიქსირებული სიგრძის მონაცემთა ელემენტები - ზოგადი ინფორმაცია |
| ფიქსირებული სიგრძის საკონტროლო ველი |
181216s20 ||||ge |||||||||||||| ||geo|| |
| 020 ## - წიგნის საერთაშორისო სტანდარტული ნომერი |
| International Standard Book Number |
9789941441189 |
| 040 ## - კატალოგიზაციის წყარო |
| Transcribing agency |
GE_BSU |
| 080 ## - უნივერსალური ათობითი კლასიფიკაციის ინდექსი |
| Universal Decimal Classification number |
821.133.1-31 დ-55 |
| 100 ## - მთავარი ჩანაწერი - პიროვნების სახელი |
| Personal name |
დიურასი, მარგერიტ. |
| 9 (RLIN) |
7090 |
| 245 ## - ცნობა სათაურის შესახებ |
| Title |
ტარკვინიის პატარა ცხენები : |
| Remainder of title |
რომანი. |
| Statement of responsibility, etc |
მარგერიტ დიურასი ; ფრანგ. თარგმნა გიორგი ძნელაძემ ; რედ. თამარ ნინიკაშვილი. |
| 264 ## - წარმოების, გამოცემის, დისტრიბუციის და სხვა ცნობები |
| გამოცემის, წარმოების, დისტრიბუციის... ადგილი |
თბილისი : |
| გამოცემის, წარმოების, დისტრიბუციის... სახელწოდება |
კლიო, |
| გამოცემის, წარმოების, დისტრიბუციის... თარიღი |
2012. |
| 300 ## - ფიზიკური აღწერა |
| Extent |
240 გვ. ; |
| Dimensions |
17 სმ. |
| 653 ## - INDEX TERM--UNCONTROLLED |
| Uncontrolled term |
ტარკვინიის პატარა ცხენები |
| 653 ## - INDEX TERM--UNCONTROLLED |
| Uncontrolled term |
რომანი |
| 700 ## - ADDED ENTRY--PERSONAL NAME |
| Personal name |
ძნელაძე, გიორგი |
| Relator term |
ფრანგულიდან თარგმნა |
| 9 (RLIN) |
7139 |
| 700 ## - ADDED ENTRY--PERSONAL NAME |
| Personal name |
ნინიკაშვილი, თამარ |
| Relator term |
რედაქტორი |
| 9 (RLIN) |
7140 |
| 942 ## - ADDED ENTRY ELEMENTS (KOHA) |
| Koha item type |
წიგნი |
| Source of classification or shelving scheme |
|